Pays qui possédaient Singapour à travers l'histoire - Statistiques

Statistiques générales
  • Ce quiz a été pris 61 fois
  • Le résultat moyen est 4 sur 8
Statistiques - réponses
Période Pays % Correct
1957 - 1965 Malaisie
91%
1965 - Aujourd'hui Singapour
89%
1942 - 1945 Empire du Japon
85%
1948 - 1957 Malaisie Brittanique
83%
1819 - 1826 Suktanat de Johor
9%
1826 - 1946 Établissements des Détroits
4%
1819 - 1826 Sultanat de Riau Lingga
2%
1946 - 1948 Union Malais
2%
Aucun quiz correspondant
Distribution des résultats
% des personnes avec chaque résultat
Percentile par nombre de réponses
Votre historique - résultats
Vous n’avez pas pris ce quiz